Statistiken für Gemeinden im Landkreis Calw

Klicken Sie hier um das Quiz zu spielen!

Allgemein

  • Dieses Quiz wurde 49 mal gespielt
  • Das Durchschnittsergebnis liegt bei 14 aus 25

Antwortstatistiken

% Korrekt
Große Kreisstadt Calw
100%
Bad Liebenzell
85%
Große Kreisstadt Nagold
85%
Neubulach
78%
Bad Wildbad
74%
Wildberg
70%
Neuweiler
67%
Altensteig
63%
Dobel
63%
Bad Herrenalb
59%
Ebhausen
59%
Oberreichenbach
59%
Schömberg
59%
Unterreichenbach
59%
Enzklösterle
56%
Höfen an der Enz
48%
Simmersfeld
48%
Althengstett
44%
Bad Teinach-Zavelstein
44%
Gechingen
44%
Simmozheim
41%
Egenhausen
37%
Haiterbach
37%
Rohrdorf
37%
Ostelsheim
22%

Verteilung der Resultate

Perzentil nach korrekt beantworteten Fragen

Anzahl Personen mit jedem Resultat

Ihre Resultats-Entwicklung

Sie haben dieses Quiz noch nicht gespielt